000
00287nam a2200109Ia 4500
008
220204s9999 xx 000 0 und d
082
_a
575
_b
ADV.36
245
0
_a
Advances in genetics V.36
260
_a
San Diego
_b
Academic Press
_c
1997
650
_a
Bacterial gene expression
942
_c
BK
999
_c
41373
_d
41373